00655 2200205 4500001002100000005001700021008004100038020001800079035002400097082001200121090002400133100002300157245013900180250001100319260003500330300002200365650002200387700001900409999002100428YOGYA-0411000000057620110406142739.0 ind  a979-9340-03-9 0010-041100000000576 a297.636 a297.636bKha KlDEP aKHAN, Qamar-ud-din aKekuasaan pengkhianatan dan otoritas agamabtelaah kritis teori Al-Mawardi tentang negaracQamar-ud-din Khandpenyunting Imron Rosyidi aCet. 1 aYogyakartabTiara Wacanac2000 axib99 hlmc18 cm aIslam dan Politik aRosyidi, Imron aCB-D.11 2000-189